Novyje aspekty zapadnych investicij v Vengriji.
Predpoklady vytvárania súkromných spoločných podnikov. Činnosť prvej americko-maďarskej agentúry obchodu s cennými papiermi. Príklady spoločného podnikania v bankovníctve a vydavateľskej činnosti. Funkcia priamych zahraničných investícií pri vytváraní spoločných podnikov.
Guardado en:
| Autor principal: | |
|---|---|
| Formato: | Capítulo de libro |
| Lenguaje: | ruso |
| Materias: | |
| Etiquetas: |
Sin Etiquetas, Sea el primero en etiquetar este registro!
|
MARC
| LEADER | 00000naa a2200000 4500 | ||
|---|---|---|---|
| 001 | r002450 | ||
| 005 | 20220819194347.3 | ||
| 041 | 0 | |a rus | |
| 044 | |a [SU] | ||
| 245 | 1 | 0 | |a Novyje aspekty zapadnych investicij v Vengriji. |c S. Val'čuk |
| 520 | |a Predpoklady vytvárania súkromných spoločných podnikov. Činnosť prvej americko-maďarskej agentúry obchodu s cennými papiermi. Príklady spoločného podnikania v bankovníctve a vydavateľskej činnosti. Funkcia priamych zahraničných investícií pri vytváraní spoločných podnikov. | ||
| 610 | 2 | 0 | |a investície zahraničné |
| 610 | 2 | 0 | |a MR |
| 610 | 2 | 0 | |a podnik spoločný |
| 610 | 2 | 0 | |a papiere cenné |
| 610 | 2 | 0 | |a USA |
| 610 | 2 | 0 | |a obchody burzové |
| 610 | 2 | 0 | |a bankovníctvo |
| 610 | 2 | 0 | |a podnik spoločný |
| 100 | 1 | |a Val'čuk, S. | |